ბათუმის შოთა რუსთაველის სახელმწიფო უნივერსიტეტის ბიბლიოთეკა

რჩეული ტ.1 (ბიბ.ჩანაწერი № 42954)

000 -LEADER
fixed length control field 00740nam a2200229Ia 4500
001 - CONTROL NUMBER
control field 9670
003 - CONTROL NUMBER IDENTIFIER
control field GE_BSU
008 - FIXED-LENGTH DATA ELEMENTS--GENERAL INFORMATION
fixed length control field 181216s||||||||xx |||||||||||||| ||und||
040 ## - CATALOGING SOURCE
Transcribing agency GE_BSU
080 ## - UNIVERSAL DECIMAL CLASSIFICATION NUMBER
Universal Decimal Classification number 821.353.1–32+821.353.1-2
100 ## - MAIN ENTRY--PERSONAL NAME
Personal name ნაკაშიძე,ნინო
245 ## - TITLE STATEMENT
Title რჩეული ტ.1
245 ## - TITLE STATEMENT
Remainder of title მოთხრობები,პიესა
245 ## - TITLE STATEMENT
Statement of responsibility, etc. რედ.თ.ჯიბლაძე.მხატვ.თ.ავალიანი.
260 ## - PUBLICATION, DISTRIBUTION, ETC.
Place of publication, distribution, etc. თბილისი
260 ## - PUBLICATION, DISTRIBUTION, ETC.
Name of publisher, distributor, etc. ნაკადული
260 ## - PUBLICATION, DISTRIBUTION, ETC.
Date of publication, distribution, etc. 1961
300 ## - PHYSICAL DESCRIPTION
Extent 360გვ.1ფ.პორტრ.20სმ.
653 ## - INDEX TERM--UNCONTROLLED
Uncontrolled term მოთხრობები,პიესა
653 ## - INDEX TERM--UNCONTROLLED
Uncontrolled term რჩეული
942 ## - ADDED ENTRY ELEMENTS (KOHA)
Koha item type წიგნი
ეგზემპლარები
Withdrawn status Lost status Damaged status Not for loan Date acquired Barcode Date last seen Price effective from Koha item type
        2018-12-17 32784 2018-12-17 2018-12-17 წიგნი
        2018-12-17 32785 2018-12-17 2018-12-17 წიგნი